000 00464nam a22001337a 4500
020 _a1558607609
082 _a280 SCB
100 _a Watson, Ian D. (Ian Duncan)
_969244
245 _aApplying knowledge management : techniques for building corporate memories
260 _aAmsterdam ; Boston
_bMorgan Kaufmann
_c2003
300 _a252 p
_b xviii, : ill. ; 23 cm.
650 _a: Knowledge management -- Case studies | Corporations -- History
_969245
942 _cBK
999 _c576618
_d576618